000 00543nam a2200217Ia 4500
003 OSt
005 20220924133715.0
006 a|||||r|||| 00| 0
007 ta
008 220923b |||||||| |||| 00| 0 snd d
024 _a268216
037 _cTextual
040 _aARTS
_cARTS
_bsnd
041 _2snd
_asnd
082 _aO157:3M76:43, 1593J5
100 _aChandra Sharat
245 0 _aNaie grahasti
260 _c1955
942 _hO157:3M76:43, 1593J5
_cTEXL
_2CC
999 _c434859
_d434859